00387nam a2200157 a 450000100060000000300090000600800410001502000150005604000280007108200170009910000180011624500330013426000240016749000190019165000190021023357CO-ViMGA141112s2004 ck r 000 u spa d a8423990435 aCO-ViMGAbspacCO-ViMGA04a823.51 D336a1 aDefoe, Daniel10aAventuras de Robinson Crusoe aEspaña : bEspasa0 aEspasa Juvenil14aNovela inglesa